Statistics for Easy Country General Knowledge

Click here to take the quiz!

General Stats

  • This quiz has been taken 54 times
  • The average score is 15 of 20

Answer Stats

HintAnswer% Correct
Who is the current president of Russia?Vladimir Putin
100%
What is the 2nd biggest country in the world by size?Canada
96%
Vatican City is the ______ country in the world!Smallest
96%
What is the most populous Nordic country?Sweden
96%
What country is called "the land of the free, home of the brave"?United States
94%
Greenland is the largest island in general, but what country owns the territory?Denmark
88%
Name the largest countries in Europe by population: Number 1?Russia
83%
Number 2?Germany
79%
Which country is considered by most others to be part of China, which gives it limited recognition and no official UN status (yet)?Taiwan
77%
What is the only country to have Judaism as the biggest religion?Israel
75%
What is the newest country by independence date?South Sudan
75%
Number 3?United Kingdom
73%
Which country receives the highest number of tourists per year?France
71%
Not including Australia, what is the largest country located on an island (or islands)?Indonesia
71%
What countries are home to the tallest mountain above sea level, Mount Everest? (answer one of the two countries)Nepal/China
71%
Which country has the highest population density (Hint: in Europe)?Monaco
69%
Which island in the Caribbean is shared by two countries (name the island or one of the two countries on it)?Hispaniola/Haiti/Dominican Republic
67%
What official language does the Philippines have that no other countries have as an official language?Tagalog
54%
Which two countries have Bitcoin as an official currency? Answer either one of them.El Salvador/Central African Republic
27%
Between 2025 and 2027, what will soon be the newest country?Bougainville
6%

Score Distribution

Percentile by Number Answered

Percent of People with Each Score

Your Score History

You have not taken this quiz